000 01941nam a2200469 i 4500
001 103868
003 FINmELB
005 20241217173337.0
006 m o d |
007 cr cnu||||||||
008 231124s2023 mx o 001 0 spa d
020 _a9786075642277
_q(print)
020 _a9786075645223
_q(e-book)
035 _a(OCoLC)1415858690
040 _aFINmELB
_bspa
_erda
_cFINmELB
050 4 _aP45.45.M6
_bH673 2023
080 _a81`27(720)=8
082 0 4 _a306.440972
_223
245 0 0 _aHistoria sociolingüística de México.
_nVolumen 5 :
_bNuevas visitas al pasado y al presente /
_cRebeca Barriga Villanueva, Pedro Martín Butragueño (directores).
264 1 _aCiudad de México :
_bEl Colegio de México, Centro de Estudios Lingüísticos y Literarios,
_c2023.
300 _a1 recurso en línea (854 páginas)
336 _atexto
_btxt
_2rdacontent/spa
337 _acomputadora
_bc
_2rdamedia/spa
338 _arecurso en línea
_bcr
_2rdacarrier/spa
500 _aIncluye índice analítico.
500 _aIncluye índice.
588 _aDescripción basada en metadatos suministrados por el editor y otras fuentes.
590 _aRecurso electrónico. Santa Fe, Arg.: elibro, 2023. Disponible vía World Wide Web. El acceso puede estar limitado para las bibliotecas afiliadas a elibro.
650 4 _aEspañol
_xDialectos
_zMéxico.
650 4 _aEspañol
_zMéxico
_xHistoria.
650 4 _aIndios de México
_xLenguas.
650 4 _aIndios de México
_xLiteratura.
650 4 _aLenguaje y cultura
_zMéxico.
650 4 _aMultilingüismo
_zMéxico
_xHistoria.
650 4 _aSociolingüística
_zMéxico
_xHistoria.
651 4 _aMéxico
_xLenguas.
655 4 _aLibros electrónicos.
700 1 _aBarriga Villanueva, Rebeca,
_edirectora.
700 1 _aMartín Butragueño, Pedro,
_edirector.
797 2 _aelibro, Corp.
856 4 0 _uhttps://elibro.net/ereader/politecnicointernacional/235979
999 _c103868
_d103868